[Event "Corrientes Mayor Rosarino op"]
[Site "Corrientes"]
[Date "2022.10.08"]
[Round "5"]
[White "Llanos Collado, Hernan"]
[Black "Pascucci, Joaquin"]
[Result "0-1"]
[WhiteElo "1619"]
[BlackElo "1583"]
[PlyCount "56"]
[EventDate "2022.10.06"]
[EventType "swiss"]
[EventRounds "9"]
[EventCountry "ARG"]
[SourceTitle "CBM 210 Extra"]
[Source "ChessBase"]
[SourceDate "2022.11.30"]
[SourceVersion "1"]
[SourceVersionDate "2022.11.30"]
[SourceQuality "1"]

1. e4 c5 2. Nf3 d6 3. d4 cxd4 4. Nxd4 Nf6 5. f3 e5 6. Nf5 Bxf5 7. exf5 Nc6 8. Bg5 Be7 9. Nc3 Qa5 10. Bxf6 gxf6 11. Bc4 Nd4 12. Qd3 Rc8 13. Bb3 Rg8 14. 0-0 Rg5 15. Ne4 Rg7 16. c3 Nxb3 17. axb3 Qb6+ 18. Kh1 a6 19. Qd5 Qc6 20. Rfd1 Qxd5 21. Rxd5 Rc6 22. Rad1 Kd7 23. c4 b6 24. c5 bxc5 25. Nxc5+ Kc7 26. Ne4 Rg8 27. Ra1 Rb8 28. Ra3 Rc1+ 0-1